00402nam a2200133Ia 4500008004100000020001500041041001200056100001500068245011700083260003900200300000800239650000700247700001400254221030s9999 xx 000 0 und d a8131704592 aEnglish aS. Anahory 0aData Warehousing in the Real World : A Practical for Building Decision Support Systemscby S. Anahory, D. Murray bPearson EducationaNew Delhic2016 a366 aIT aD. Murray